Estimating and Costing for the Metal Manufacturing Industries (Record no. 11073)

MARC details
000 -LEADER
fixed length control field 00467nam a22001937a 4500
003 - CONTROL NUMBER IDENTIFIER
control field OSt
008 - FIXED-LENGTH DATA ELEMENTS--GENERAL INFORMATION
fixed length control field 220118b ||||| |||| 00| 0 eng d
020 ## - INTERNATIONAL STANDARD BOOK NUMBER
International Standard Book Number 9780367402723
082 ## - DEWEY DECIMAL CLASSIFICATION NUMBER
Classification number 338.6 CRE
100 ## - MAIN ENTRY--PERSONAL NAME
Personal name ROBERT C,Creese
245 ## - TITLE STATEMENT
Title Estimating and Costing for the Metal Manufacturing Industries
250 ## - EDITION STATEMENT
Edition statement 1st
260 ## - PUBLICATION, DISTRIBUTION, ETC. (IMPRINT)
Place of publication, distribution, etc New York
Name of publisher, distributor, etc CRC Press
Date of publication, distribution, etc 2019
300 ## - PHYSICAL DESCRIPTION
Extent 270
650 ## - SUBJECT ADDED ENTRY--TOPICAL TERM
Topical term or geographic name as entry element ME
700 ## - ADDED ENTRY--PERSONAL NAME
Personal name ADITHAN,M
700 ## - ADDED ENTRY--PERSONAL NAME
Personal name PABLA,BS
942 ## - ADDED ENTRY ELEMENTS (KOHA)
Source of classification or shelving scheme Dewey Decimal Classification
Koha item type Text Books
Holdings
Withdrawn status Lost status Source of classification or shelving scheme Damaged status Not for loan Collection code Home library Current library Date acquired Source of acquisition Currency Cost, normal purchase price Bill Number Total Checkouts Full call number Acc. no. / Barcode Date last seen Actual Cost, discounted price Bill Date Koha item type
    Dewey Decimal Classification     B.Tech(ME) PIET C-LIBRARY PIET C-LIBRARY 03/01/2022 Prism Books and Stationery Shop IN Rupees 5961.15 GST-in 543   338.6 CRE 33406 18/01/2022 4486.70 03/01/2022 Text Books
    Dewey Decimal Classification     B.Tech(ME) PIET C-LIBRARY PIET C-LIBRARY 03/01/2022 Prism Books and Stationery Shop IN Rupees 5961.15 GST-in 543   338.6 CRE 33407 18/01/2022 4486.70 03/01/2022 Text Books

Design & Developed by: PIET Central Library
R70 Miles Stone Pattikalyana Samalkha Panipat 132102
mail ID :- [email protected], Phone No:- 0180-2569700 Ex.216